Армяно-григорианский календарь... (Запись № 5607757)

Подробности
000 -МАРКЕР
контрольное поле 01126nam1a22002771i 4500
001 - ИДЕНТИФИКАТОР ЗАПИСИ
контрольное поле v19\rc\1827497
005 - ИДЕНТИФИКАТОР ВЕРСИИ
контрольное поле 20240726070348.0
035 ## - ДРУГИЕ СИСТЕМНЫЕ НОМЕРА
Идентификатор записи (NLR Aleph) 004923929
100 ## - ДАННЫЕ ОБЩЕЙ ОБРАБОТКИ
Данные общей обработки 20071224g19081917|||y0rusy50 ca
101 0# - ЯЗЫК РЕСУРСА
Язык текста, звукозаписи и т.д. русский
102 ## - СТРАНА ПУБЛИКАЦИИ ИЛИ ПРОИЗВОДСТВА
Страна публикации Российская Федерация
105 ## - ПОЛЕ КОДИРОВАННЫХ ДАННЫХ: ТЕКСТОВЫЕ МАТЕРИАЛЫ, МОНОГРАФИЧЕСКИЕ
Кодированные данные о монографическом текстовом документе z |||||
200 1# - ЗАГЛАВИЕ И СВЕДЕНИЯ ОБ ОТВЕТСТВЕННОСТИ
Основное заглавие Армяно-григорианский календарь...
Первые сведения об ответственности Сост. свящ. И. Тер-Ованнесьянц
210 ## - ПУБЛИКАЦИЯ, РАСПРОСТРАНЕНИЕ И ДР.
Место издания, распространения и т.д. Ставрополь губ.
Имя издателя, распространителя и т. д. И. Тер-Ованнесьянц
Дата издания, распространения и т.д. 1908-1917
215 ## - ФИЗИЧЕСКАЯ ХАРАКТЕРИСТИКА
Размеры 14
300 ## - ОБЩИЕ ПРИМЕЧАНИЯ
Текст примечания С изд. 1910 г. сост.: свящ. С. Тер-Ованнесьянц; с изд. 1913 г. в конце предисл. сост.: свящ. Саак Тер-Ованнесьянц
702 #1 - ИМЯ ЛИЦА - ВТОРИЧНАЯ ОТВЕТСТВЕННОСТЬ
Начальный элемент ввода Тер-Ованнесьянц
Часть имени, кроме начального элемента ввода И.
Расширение инициалов личного имени Иоаннес
Код отношения Составитель
702 #1 - ИМЯ ЛИЦА - ВТОРИЧНАЯ ОТВЕТСТВЕННОСТЬ
Начальный элемент ввода Тер-Ованнесьянц
Часть имени, кроме начального элемента ввода С.Г.
Расширение инициалов личного имени Саак Григорьевич
Код отношения Составитель
801 #0 - ИСТОЧНИК ЗАПИСИ
Страна Российская Федерация
Организация NLR
Правила каталогизации psbo
801 #0 - ИСТОЧНИК ЗАПИСИ
Страна Российская Федерация
Организация RuMoRGB
Источник данных psbo
801 #1 - ИСТОЧНИК ЗАПИСИ
Страна Российская Федерация
Организация ProSoft-M
Источник данных rusmarc
852 ## - МЕСТОНАХОЖДЕНИЕ И ШИФР ХРАНЕНИЯ
Идентификатор организации NLR
Шифр хранения (Call Number) 34.82.3.538
899 ## - ДАННЫЕ О МЕСТОНАХОЖДЕНИИ (устаревшее)
Местонахождение RuMoRGB (1909-1916*)
Шифр хранения U 84/868
899 ## - ДАННЫЕ О МЕСТОНАХОЖДЕНИИ (устаревшее)
Местонахождение БАН (1909-1917)
942 ## - ДОПОЛНИТЕЛЬНЫЕ ЭЛЕМЕНТЫ ЗАПИСИ (АБИС)
Тип экземпляра АБИС Книга

Нет доступных экземпляров.